Geoinformation: Remote sensing, photogrammetry, and geographic information systems (Record no. 1715592)

MARC details
000 -LEADER
fixed length control field 00340 a2200121 4500
000 - LEADER
fixed length control field nam a22 7a 4500
005 - DATE AND TIME OF LATEST TRANSACTION
control field 20260317102709.0
100 ## - MAIN ENTRY--PERSONAL NAME
Personal name Konecny, Gottfried
9 (RLIN) 1132249
245 ## - TITLE STATEMENT
Title Geoinformation: Remote sensing, photogrammetry, and geographic information systems
250 ## - EDITION STATEMENT
Edition statement 2nd
260 ## - PUBLICATION, DISTRIBUTION, ETC.
Name of publisher, distributor, etc. CRC Press
Date of publication, distribution, etc. 2024
942 ## - ADDED ENTRY ELEMENTS (KOHA)
Koha item type Audio Visual Collection
Holdings
Withdrawn status Lost status Source of classification or shelving scheme Damaged status Not for loan Home library Current library Date acquired Source of acquisition Cost, normal purchase price Total Checkouts Date last seen Cost, replacement price Price effective from Koha item type
    Colon Classification (CC)     Central Science Library Central Science Library 2026-03-25 112 4351.01   2026-03-25 5438.77 2026-03-25 Textual
Copyright @ Delhi University Library System